[Event "Game 1 - Rated game, 20m + 3s"]
[Site "Main Playing Hall"]
[Date "2002.11.03"]
[Round "?"]
[White "kmreese"]
[Black "Agamennone"]
[Result "0-1"]
[WhiteElo "1551"]
[BlackElo "1375"]
[PlyCount "90"]
[EventDate "2002.??.??"]
[SourceDate "2002.01.01"]

1. d4 d5 2. c4 e6 3. c5 c6 4. Nc3 b6
5. b4 bxc5 6. dxc5 Bb7 7. e4 f6 8. Nf3 Nd7
9. exd5 cxd5 10. Bb5 a6 11. c6 axb5 12. cxb7 Rb8
13. Nxd5 exd5 14. Qxd5 Bxb4+ 15. Bd2 Bxd2+ 16. Kxd2 Ne7
17. Rhe1 Nb6 18. Rxe7+ Kxe7 19. Re1+ Kf8 20. Qxd8+ Rxd8+
21. Ke2 Kf7 22. Kf1 Rd7 23. Rb1 Rxb7 24. Rxb5 Rd8
25. Ke2 Rdd7 26. g4 Na4 27. Rc5 Nxc5 28. g5 f5
29. Ne5+ Ke6 30. f4 Rd5 31. h4 Rb2+ 32. Ke3 Rxa2
33. h5 Ra3+ 34. Ke2 Ne4 35. g6 h6 36. Nf7 Ng3+
37. Kf2 Nxh5 38. Ke1 Nxf4 39. Nxh6 Ng2+ 40. Kf2 Nh4
41. Nxf5 Kxf5 42. Ke2 Nxg6 43. Kf2 Rb5 44. Ke2 Rb2+
45. Kd1 Ra1# 0-1

[Event "Game 2 - Rated game, 15m + 0s"]
[Site "Main Playing Hall"]
[Date "2002.11.23"]
[Round "?"]
[White "Agamennone"]
[Black "kmreese"]
[Result "1-0"]
[WhiteElo "1338"]
[BlackElo "1363"]
[Annotator "Black - Resign"]
[PlyCount "87"]
[EventDate "2002.??.??"]
[SourceDate "2002.01.01"]

1. e4 e5 2. Nf3 d6 3. d4 Nc6 4. d5 Nce7
5. Bd3 Bg4 6. O-O Ng6 7. Nc3 a6 8. Re1 Nf6
9. Bg5 Be7 10. h3 h6 11. hxg4 hxg5 12. Nxg5 Nf4
13. Ne2 Nxg4 14. Nxf4 Nxf2 15. Kxf2 Bxg5 16. Qg4 Bxf4
17. Qxg7 Qh4+ 18. g3 Qh2+ 19. Kf3 Qd2 20. Qxh8+ Ke7
21. Qxa8 Qh2 22. Rg1 Qh5+ 23. Kf2 Qh2+ 24. Kf3 f5
25. exf5 e4+ 26. Kxf4 Qf2+ 27. Kxe4 Kf6 28. Qf8+ Kg5
29. Qg8+ Kf6 30. Raf1 Qc5 31. Qg6+ Ke7 32. f6+ Kd7
33. Qg7+ Kc8 34. Qg8+ Kd7 35. Qg7+ Kc8 36. f7 Qb4+
37. c4 b5 38. f8=Q+ Kb7 39. Qff7 Qc5 40. Rf6 bxc4
41. Re6 cxd3 42. Re7 Qc4+ 43. Kf5 d2 44. Rxc7+ { Black - Resign} 1-0

[Event "Game 3 - Rated game, 12m + 0s"]
[Site "Main Playing Hall"]
[Date "2002.11.25"]
[Round "?"]
[White "kmreese"]
[Black "Agamennone"]
[Result "1-0"]
[WhiteElo "1283"]
[BlackElo "1297"]
[PlyCount "69"]
[EventDate "2002.??.??"]
[SourceDate "2002.01.01"]

1. d4 d5 2. Bf4 Nc6 3. Nf3 f6 4. e3 e6
5. h3 Bd6 6. Bd3 Bd7 7. O-O Qe7 8. Re1 O-O-O
9. c4 Nb4 10. c5 Bxf4 11. exf4 Nxd3 12. Qxd3 f5
13. Ne5 Nf6 14. c6 Bxc6 15. Nxc6 bxc6 16. Qa6+ Kd7
17. Nc3 Rb8 18. Qxa7 Qb4 19. a3 Qxb2 20. Rab1 Rb7
21. Qa6 Rb6 22. Qa5 Qc2 23. Rxb6 cxb6 24. Qa7+ Kd6
25. Qxb6 Qxc3 26. Rb1 Nd7 27. Qa7 Rb8 28. Rxb8 Nxb8
29. Qxb8+ Ke7 30. Qc7+ Kf8 31. Qd8+ Kf7 32. Qd7+ Kg6
33. Qxe6+ Kh5 34. Qxf5+ Kh6 35. Qg5# 1-0

[Event "Game 4 - Rated game, 20m + 2s"]
[Site "Main Playing Hall"]
[Date "2002.11.29"]
[Round "?"]
[White "Agamennone"]
[Black "kmreese"]
[Result "0-1"]
[WhiteElo "1521"]
[BlackElo "1595"]
[Annotator "White - Resign"]
[PlyCount "51"]
[EventDate "2002.??.??"]
[SourceDate "2002.01.01"]

1. e4 e5 2. Nf3 Nc6 3. d3 d5 4. Be2 d4
5. O-O Be7 6. c3 Bc5 7. b4 Be7 8. Bb2 Nf6
9. a3 O-O 10. cxd4 exd4 11. e5 Nd5 12. Nxd4 Nxd4
13. Bxd4 Nf4 14. Be3 Nxg2 15. Kxg2 Qd5+ 16. Bf3 Qxe5
17. Ra2 Qf5 18. Re2 Qh3+ 19. Kg1 Qxf3 20. Nd2 Qg4+
21. Kh1 Be6 22. Rg1 Bd5+ 23. Ne4 Qf3+ 24. Rg2 Bh4
25. Bg5 Bxg5 26. Re3 { White - Resign} 0-1

[Event "Game 5 - Rated game, 15m + 0s"]
[Site "Main Playing Hall"]
[Date "2002.12.07"]
[Round "?"]
[White "kmreese"]
[Black "Agamennone"]
[Result "0-1"]
[WhiteElo "1392"]
[BlackElo "1355"]
[PlyCount "146"]
[EventDate "2002.??.??"]
[SourceDate "2002.01.01"]

1. e4 e5 2. Nf3 Nc6 3. Bc4 Nf6 4. Ng5 d5
5. exd5 Nxd5 6. O-O Be7 7. Ne4 O-O 8. d3 a6
9. Re1 b5 10. Bxd5 Qxd5 11. Nec3 Qd6 12. Be3 Re8
13. Ne4 Qd8 14. Nbc3 Bb7 15. Nd5 Qxd5 16. b3 Na5
17. Qg4 Qe6 18. Qf3 Rad8 19. b4 Bxb4 20. Ng5 Bxf3
21. Nxe6 Bxe1 22. Nxd8 Bc3 23. Rc1 Ba8 24. Bg5 f6
25. Bh4 Rxd8 26. f4 h6 27. fxe5 Bxe5 28. Re1 g5
29. Bg3 Bd4+ 30. Kf1 Nc6 31. Bxc7 Rd7 32. Re8+ Kf7
33. Rxa8 Rxc7 34. Rxa6 Ke6 35. Ke2 Ke5 36. g3 Nb4
37. Ra8 Rxc2+ 38. Kd1 Rxh2 39. Re8+ Kf5 40. a3 Nxd3
41. g4+ Kxg4 42. Re4+ Kf3 43. Rxd4 Nb2+ 44. Kc1 Ke3
45. Rg4 Nd3+ 46. Kb1 Rh3 47. Kc2 Rh2+ 48. Kc3 f5
49. Rg3+ Ke4 50. Rxd3 f4 51. Rd1 Rh3+ 52. Kd2 Rd3+
53. Ke1 Rxd1+ 54. Kxd1 Ke3 55. Ke1 f3 56. Kf1 g4
57. Ke1 f2+ 58. Kf1 Kf3 59. a4 Ke3 60. Kg2 Ke2
61. axb5 f1=Q+ 62. Kg3 Qf2+ 63. Kxg4 Qg2+ 64. Kf5 h5
65. b6 h4 66. Kf4 h3 67. b7 Qxb7 68. Kg4 Qh7
69. Kg3 h2 70. Kg2 h1=Q+ 71. Kg3 Qf7 72. Kg4 Qg1+
73. Kh3 Qh7# 0-1

[Event "Game 6 - Rated game, 25m + 0s"]
[Site "Main Playing Hall"]
[Date "2003.01.30"]
[Round "?"]
[White "Agamennone"]
[Black "kmreese"]
[Result "0-1"]
[WhiteElo "1556"]
[BlackElo "1464"]
[PlyCount "26"]

1. e4 e5 2. b4 Nc6 3. c3 Nf6 4. Bb2 Nxe4
5. d3 Ng5 6. Be2 d5 7. d4 exd4 8. cxd4 Bxb4+
9. Nd2 Ne4 10. a3 Qf6 11. Ngf3 Bxd2+ 12. Kf1 Bg5
13. Nxg5 Qxf2# 0-1

[Event "Game 7 - Friendly Game, 15m + 0s"]
[Site "Main Playing Hall"]
[Date "2003.02.10"]
[Round "?"]
[White "Agamennone"]
[Black "kmreese"]
[Result "1-0"]
[WhiteElo "1389"]
[BlackElo "1279"]
[Annotator "Black - Time"]
[PlyCount "111"]
[EventDate "2003.??.??"]

1. e4 c5 2. Nf3 d6 3. c4 f6 4. Nc3 e6
5. d4 cxd4 6. Nxd4 e5 7. Nf5 Nc6 8. Be3 d5
9. cxd5 Nb4 10. Bb5+ Bd7 11. Qa4 Nd3+ 12. Ke2 Nc5
13. Bxc5 Bxc5 14. Nxg7+ Kf8 15. Ne6+ Bxe6 16. dxe6 Qd4
17. Qxd4 Bxd4 18. Nd5 Ne7 19. Nxf6 Kg7 20. Nd5 Rhf8
21. f3 a6 22. Bd7 Nxd5 23. exd5 Kf6 24. Rhf1 Rg8
25. Rab1 Rxg2+ 26. Kd3 Rxh2 27. f4 Rh3+ 28. Kc4 b5+
29. Kb4 a5+ 30. Kxb5 Rb8+ 31. Kxa5 Bb6+ 32. Ka6 e4
33. Rbe1 e3 34. Rh1 Rf3 35. Re2 h5 36. Rxh5 Rxf4
37. Rh7 Rf2 38. Rxf2+ exf2 39. Rh1 Bd4 40. b3 Ra8+
41. Kb7 Rxa2 42. Bb5 Ra1 43. Rh6+ Ke7 44. Rh7+ Kd6
45. Rd7+ Kc5 46. Rc7+ Kxb5 47. Rf7 Kc5 48. e7 Re1
49. Kc7 Rxe7+ 50. Rxe7 f1=Q 51. d6 Bf6 52. Re6 Qd1
53. d7 Be7 54. Rxe7 Qd6+ 55. Kc8 Qc6+ 56. Kd8 {Black - Time} 1-0

[Event "Game 8 - Friendly Game, 15m + 0s"]
[Site "Main Playing Hall"]
[Date "2003.02.10"]
[Round "?"]
[White "kmreese"]
[Black "Agamennone"]
[Result "1-0"]
[WhiteElo "1279"]
[BlackElo "1389"]
[PlyCount "71"]

1. e4 e5 2. Nf3 d6 3. Bc4 Qf6 4. d4 h6
5. dxe5 dxe5 6. O-O Bd6 7. Re1 Ne7 8. Nc3 c6
9. Nd5 cxd5 10. exd5 Bd7 11. h4 Bg4 12. Bb5+ Nd7
13. Bxd7+ Kxd7 14. Nxe5+ Bxe5 15. Qxg4+ Ke8 16. d6 Bxd6
17. Qa4+ Kf8 18. Qb5 b6 19. Qa6 Bc5 20. Re2 Kg8
21. Qb7 Kh7 22. Qe4+ g6 23. h5 Rhe8 24. hxg6+ fxg6
25. Qb7 Rad8 26. Bd2 Qxb2 27. Rae1 Qf6 28. Qc7 Kg8
29. Qg3 h5 30. Qb3+ Rd5 31. Rf1 Qf7 32. Re4 Rf5
33. Qg3 Qxa2 34. Rxe7 Bxe7 35. Qxg6+ Kf8 36. Bh6# 1-0

[Event "Game 9 - Rated game, 15m + 2s"]
[Site "Main Playing Hall"]
[Date "2003.02.10"]
[Round "?"]
[White "kmreese"]
[Black "Agamennone"]
[Result "0-1"]
[WhiteElo "1576"]
[BlackElo "1558"]
[PlyCount "44"]

1. e4 e5 2. Nf3 Nc6 3. Bc4 Qf6 4. Nc3 Nd4
5. Nd5 Nxf3+ 6. gxf3 Qh4 7. Nxc7+ Kd8 8. Nxa8 Bc5
9. Rf1 Qxh2 10. d4 Bxd4 11. Bg5+ f6 12. Be3 Ne7
13. Bxd4 exd4 14. Qxd4 Nc6 15. Qc5 Re8 16. O-O-O Re5
17. Qf8+ Re8 18. Qxg7 Qf4+ 19. Kb1 Qxf3 20. Bf7 Qxe4
21. Rde1 Qxe1+ 22. Rxe1 Rxe1# 0-1

[Event "Game 10 - Friendly Game, 5m + 0s"]
[Site "Main Playing Hall"]
[Date "2003.02.12"]
[Round "?"]
[White "Agamennone"]
[Black "kmreese"]
[Result "0-1"]
[WhiteElo "1365"]
[BlackElo "1249"]
[Annotator "White - Resign"]
[PlyCount "70"]
[EventDate "2003.??.??"]

1. e4 e5 2. Nf3 d5 3. exd5 Qxd5 4. d3 Bf5
5. Nc3 Qa5 6. Be2 Nc6 7. O-O O-O-O 8. Nh4 Nd4
9. Nxf5 Nxf5 10. Bg4 Nge7 11. a3 e4 12. Nxe4 g6
13. Bd2 Qe5 14. Bc3 Qd5 15. Bxh8 Ng8 16. Nf6 Nxf6
17. Bxf6 Rd6 18. Bxf5+ gxf5 19. Re1 Rxf6 20. Re8+ Kd7
21. Rxf8 Rg6 22. f3 Qc5+ 23. Kh1 Qxf8 24. Qe2 Qg8
25. Rg1 h5 26. d4 h4 27. f4 h3 28. g3 Re6
29. Qc4 Re2 30. Qb5+ c6 31. Qxe2 b5 32. Qe5 Qg4
33. Qb8 a5 34. Qb7+ Kd6 35. Qxf7 Qf3+ {White - Resign} 0-1

[Event "Game 11 - Rated game, 15m + 2s"]
[Site "Main Playing Hall"]
[Date "2003.02.23"]
[Round "?"]
[White "kmreese"]
[Black "Agamennone"]
[Result "1-0"]
[WhiteElo "1563"]
[BlackElo "1594"]
[PlyCount "91"]

1. e4 e5 2. f4 Nf6 3. fxe5 Nxe4 4. Bc4 Qh4+
5. g3 Nxg3 6. hxg3 Qxh1 7. Kf1 Bc5 8. d4 Bb6
9. Be3 d6 10. exd6 Bh3+ 11. Ke1 cxd6 12. Kf2 Qg2+
13. Ke1 Qxg3+ 14. Bf2 Qg2 15. Bf1 Qg6 16. Bb5+ Nc6
17. Nxh3 Qe6+ 18. Be2 O-O 19. Nf4 Qf6 20. Nd5 Qe6
21. Nbc3 Nxd4 22. Bxd4 Bxd4 23. Qxd4 Rfe8 24. Nc7 Qh3
25. Nxe8 Rxe8 26. Rd1 Qg3+ 27. Kd2 Qg5+ 28. Kd3 Qg3+
29. Kc4 Rc8+ 30. Kb3 a6 31. Rd3 Qg6 32. Nd5 Qe6
33. Rg3 f6 34. Bc4 Rxc4 35. Kxc4 b5+ 36. Kb3 Kf7
37. Qa7+ Ke8 38. Re3 Qxe3+ 39. Qxe3+ Kf7 40. Qe7+ Kg6
41. Qxd6 h5 42. Qxa6 Kg5 43. Qxb5 f5 44. Ne7 h4
45. Qxf5+ Kh6 46. Qg6# 1-0

[Event "Game 12 - Rated game, 15m + 2s"]
[Site "Main Playing Hall"]
[Date "2003.02.23"]
[Round "?"]
[White "Agamennone"]
[Black "kmreese"]
[Result "1-0"]
[WhiteElo "1574"]
[BlackElo "1583"]
[PlyCount "67"]

1. e4 c5 2. Bc4 e6 3. Qf3 Nc6 4. Ne2 Ne5
5. Qb3 Nxc4 6. Qxc4 Nf6 7. O-O d5 8. exd5 Nxd5
9. d4 b6 10. dxc5 bxc5 11. Nbc3 Nb6 12. Qe4 Rb8
13. Bf4 Bb7 14. Qd3 Nd5 15. Bxb8 Qxb8 16. Rad1 Bd6
17. Qb5+ Kf8 18. Nxd5 Bxh2+ 19. Kh1 exd5 20. Qxc5+ Bd6
21. Qb5 a6 22. Qa5 d4 23. Rxd4 Bxg2+ 24. Kxg2 Qb7+
25. f3 Qb8 26. Nf4 g6 27. Rfd1 Kg7 28. Rxd6 Qxb2
29. Rd8 Rxd8 30. Rxd8 Qxc2+ 31. Rd2 Qc8 32. Qe5+ Kh6
33. Kg3 Qc1 34. Rh2# 1-0

[Event "Game 13 - Rated game, 15m + 2s"]
[Site "Main Playing Hall"]
[Date "2003.02.24"]
[Round "?"]
[White "Agamennone"]
[Black "kmreese"]
[Result "0-1"]
[WhiteElo "1600"]
[BlackElo "1564"]
[PlyCount "64"]

1. e4 c5 2. Nf3 Nc6 3. c4 Nb4 4. a3 Qa5
5. Be2 Nf6 6. d3 Nxd3+ 7. Kf1 Nb4 8. Nc3 Nh5
9. g3 d5 10. exd5 Bh3+ 11. Kg1 e6 12. Ng5 exd5
13. Na2 Nxa2 14. Rxa2 dxc4 15. Nxh3 Rd8 16. Qc2 Qe1+
17. Bf1 Rd1 18. Kg2 Rxc1 19. Qa4+ Kd8 20. Qa5+ b6
21. Qa6 Qe4+ 22. f3 Rc2+ 23. Nf2 Qe1 24. Qxa7 Qxf2+
25. Kh3 g5 26. Qb8+ Ke7 27. Qe5+ Kd7 28. Qxg5 Qxf3
29. Rg1 f5 30. Bg2 Qe2 31. Qxf5+ Ke7 32. Qxh5 Qxh5# 0-1

[Event "Game 14 - Rated game, 15m + 2s"]
[Site "Main Playing Hall"]
[Date "2003.02.25"]
[Round "?"]
[White "kmreese"]
[Black "Agamennone"]
[Result "1-0"]
[WhiteElo "1584"]
[BlackElo "1582"]
[PlyCount "57"]

1. e4 e5 2. f4 exf4 3. Bc4 Qf6 4. Nf3 Bc5
5. d4 Bb6 6. O-O d6 7. Kh1 Nh6 8. e5 dxe5
9. Nxe5 O-O 10. Rxf4 Bf5 11. Nc3 c6 12. Ne4 Qe7
13. h3 Bxe4 14. Rxe4 Bc7 15. Nxf7 Qf6 16. Nxh6+ Kh8
17. Ng4 Qd6 18. Ne5 Nd7 19. Bf4 Nxe5 20. Bxe5 Qe7
21. Qg4 Bxe5 22. Rxe5 Qf6 23. Rf1 Qh6 24. Rxf8+ Rxf8
25. Rh5 Qc1+ 26. Kh2 Qxc2 27. Bf7 Qf2 28. Rxh7+ Kxh7
29. Qh5# 1-0

[Event "Game 15 - Rated game, 15m + 2s"]
[Site "Main Playing Hall"]
[Date "2003.02.26"]
[Round "?"]
[White "kmreese"]
[Black "Agamennone"]
[Result "0-1"]
[WhiteElo "1584"]
[BlackElo "1539"]
[Annotator "White - Resign"]
[PlyCount "84"]
[EventDate "2003.??.??"]

1. b3 g6 2. Bb2 f6 3. e4 Bg7 4. f4 d6
5. Bc4 e6 6. Nf3 Bd7 7. f5 d5 8. exd5 exd5
9. Bxd5 Bxf5 10. O-O Ne7 11. c4 c6 12. Nh4 Bxb1
13. Bxf6 Bxf6 14. Rxf6 cxd5 15. Qe1 Rf8 16. Qf2 Rxf6
17. Qxf6 Nd7 18. Qh8+ Nf8 19. Rxb1 Rc8 20. Rf1 Kd7
21. Rxf8 Qb6+ 22. d4 Rxf8 23. Qxf8 Qxd4+ 24. Kf1 Qxh4
25. cxd5 Qxh2 26. Kf2 Qh4+ 27. g3 Qd4+ 28. Ke2 Qxd5
29. Qh6 Qg2+ 30. Kd3 Qxg3+ 31. Kc2 Nf5 32. Qd2+ Ke6
33. Kb2 h5 34. Qb4 h4 35. Qxb7 h3 36. Qxa7 h2
37. Qa6+ Nd6 38. Qf1 Qe5+ 39. Kc1 Qg3 40. Qe2+ Kf7
41. Qf1+ Nf5 42. Qh1 Qg1+ {White - Resign} 0-1

[Event "Game 16 - Rated game, 15m + 0s"]
[Site "Main Playing Hall"]
[Date "2003.02.26"]
[Round "?"]
[White "Agamennone"]
[Black "kmreese"]
[Result "0-1"]
[WhiteElo "1333"]
[BlackElo "1345"]
[PlyCount "60"]

1. e4 Nc6 2. Bb5 Nd4 3. Bc4 Nf6 4. d3 d5
5. exd5 Nxd5 6. Qh5 e6 7. Qd1 b5 8. Bb3 Bb4+
9. c3 Nxb3 10. axb3 Bc5 11. d4 Bd6 12. Nf3 c5
13. O-O b4 14. c4 Nf4 15. Re1 cxd4 16. Qxd4 Nd3
17. Qxd3 Bxh2+ 18. Nxh2 Qxd3 19. Re3 Qd1+ 20. Nf1 Bb7
21. Bd2 Rd8 22. Bxb4 Qxb3 23. Bc3 Rd1 24. Bxg7 Qxc4
25. Bxh8 Qxf1+ 26. Kh2 Qxf2 27. Rea3 Rg1 28. Rg3 Rh1+
29. Kxh1 Qxg3 30. Rxa7 Qxg2# 0-1

[Event "Game 17 - Rated game, 15m + 2s"]
[Site "Main Playing Hall"]
[Date "2003.02.26"]
[Round "?"]
[White "Agamennone"]
[Black "kmreese"]
[Result "0-1"]
[WhiteElo "1542"]
[BlackElo "1563"]
[PlyCount "78"]

1. e4 Nf6 2. d3 e5 3. Bd2 Bc5 4. Be2 d5
5. b4 Bd4 6. c3 Bb6 7. Bf3 dxe4 8. dxe4 O-O
9. Ne2 Bg4 10. Ng3 Nc6 11. O-O a5 12. b5 Ne7
13. a4 h5 14. h3 Bxf3 15. Qxf3 Ng6 16. Nxh5 Nh4
17. Qe2 Ng6 18. Nxf6+ Qxf6 19. Be3 c5 20. c4 Rad8
21. Nc3 Bc7 22. Nd5 Qd6 23. Nxc7 Qxc7 24. Rad1 f5
25. Bg5 Rxd1 26. Rxd1 fxe4 27. Qxe4 Nf4 28. Rd8 Ne6
29. Rxf8+ Nxf8 30. f4 Ne6 31. Bh4 Qd6 32. fxe5 Qd1+
33. Kh2 Qxa4 34. Qxb7 Qxc4 35. b6 Nf4 36. Bg3 Ne2
37. Qc8+ Kf7 38. b7 Qc1 39. b8=Q Qg1# 0-1

[Event "Game 18 - Rated game, 15m + 2s"]
[Site "Main Playing Hall"]
[Date "2003.02.26"]
[Round "?"]
[White "kmreese"]
[Black "Agamennone"]
[Result "0-1"]
[WhiteElo "1580"]
[BlackElo "1525"]
[PlyCount "48"]

1. d4 d5 2. c4 dxc4 3. Qa4+ Bd7 4. Qxc4 Nc6
5. Be3 e6 6. d5 Ne5 7. Qe4 Bd6 8. Nc3 exd5
9. Nxd5 Nf6 10. Bg5 Nxe4 11. Bxd8 Rxd8 12. Rc1 c6
13. Ne3 Bc5 14. Nc4 Bxf2+ 15. Kd1 Be6+ 16. Kc2 Nxc4
17. Kb1 Ncd2+ 18. Ka1 Nxf1 19. Rxf1 Bxg1 20. Rhxg1 O-O
21. g4 Rd2 22. Rf4 Rfd8 23. b3 Nc3 24. Rff1 Rxa2# 0-1

[Event "Game 19 - Rated game, 15m + 2s"]
[Site "Main Playing Hall"]
[Date "2003.02.26"]
[Round "?"]
[White "Agamennone"]
[Black "kmreese"]
[Result "0-1"]
[WhiteElo "1546"]
[BlackElo "1559"]
[Annotator "White - Time"]
[PlyCount "88"]
[EventDate "2003.??.??"]

1. e4 c5 2. c4 d6 3. Nc3 Nc6 4. Be2 g6
5. Nf3 Bg7 6. O-O e6 7. a3 Nf6 8. b3 Ng4
9. d3 Bxc3 10. Rb1 Nge5 11. Qc2 Bd4 12. Nxd4 Nxd4
13. Qd2 Qh4 14. Kh1 d5 15. f4 Nec6 16. exd5 Nd8
17. dxe6 N8xe6 18. Bb2 Nxb3 19. Qc3 Nbd4 20. Qd2 Rg8
21. Bxd4 cxd4 22. Rf3 g5 23. Rbf1 gxf4 24. Rh3 Qg5
25. Rxh7 Nc5 26. Bd1 Nxd3 27. Rh5 Qg6 28. Re5+ Nxe5
29. Rxf4 Nd3 30. Rxd4 Ne1 31. Ba4+ Ke7 32. Qxe1+ Be6
33. Qh4+ f6 34. Qf2 Rad8 35. Rxd8 Rxd8 36. h3 Qb1+
37. Kh2 a6 38. c5 Qa1 39. Qh4 Qe5+ 40. Qg3 Qxc5
41. Qg7+ Bf7 42. Bb3 Qe5+ 43. Kg1 Qe3+ 44. Kf1 Qxb3 {White - Time} 0-1

[Event "Game 20 - Rated game, 15m + 2s"]
[Site "Main Playing Hall"]
[Date "2003.02.27"]
[Round "?"]
[White "kmreese"]
[Black "Agamennone"]
[Result "1-0"]
[WhiteElo "1586"]
[BlackElo "1508"]
[Annotator "Black - Resign"]
[PlyCount "34"]
[EventDate "2003.??.??"]

1. e4 c5 2. d4 cxd4 3. Qxd4 Nc6 4. Qd1 e5
5. Nf3 Nf6 6. Bc4 Nxe4 7. O-O Be7 8. Re1 Nd6
9. Bd5 O-O 10. Nxe5 Nxe5 11. Rxe5 Bf6 12. Re1 Rb8
13. Bf4 Qc7 14. Na3 Bxb2 15. Nb5 Qc5 16. Bxd6 Bxa1
17. Bxc5 a6 {Black - Resign} 1-0

[Event "Game 21 - Rated game, 15m + 2s"]
[Site "Main Playing Hall"]
[Date "2003.02.27"]
[Round "?"]
[White "Agamennone"]
[Black "kmreese"]
[Result "0-1"]
[WhiteElo "1494"]
[BlackElo "1600"]
[Annotator "White - Resign"]
[PlyCount "65"]
[EventDate "2003.??.??"]

1. e4 c5 2. Nf3 d6 3. d4 g6 4. dxc5 Bg7
5. Bd3 dxc5 6. Nbd2 e5 7. O-O f5 8. exf5 gxf5
9. Bc4 e4 10. Re1 Nf6 11. Kh1 Ng4 12. Qe2 e3
13. fxe3 Nd7 14. Nb3 Nb6 15. Bb5+ Bd7 16. Bxd7+ Nxd7
17. c4 O-O 18. h3 Nxe3 19. Qxe3 Re8 20. Qf4 Rxe1+
21. Nxe1 Ne5 22. Nxc5 Qd1 23. Qe3 Re8 24. Nxb7 f4
25. Qe4 f3 26. gxf3 Qd7 27. Nc5 Qxh3+ 28. Kg1 Nxf3+
29. Qxf3 Bd4+ 30. Be3 Bxe3+ 31. Qxe3 Rxe3 32. Ng2 Rg3
33. Kf1 {White - Resign} 0-1

[Event "Game 22 - Friendly Game, 10m + 0s"]
[Site "Main Playing Hall"]
[Date "2003.03.13"]
[Round "?"]
[White "kmreese"]
[Black "Agamennone"]
[Result "0-1"]
[WhiteElo "1422"]
[BlackElo "1313"]
[Annotator "White - Time"]
[PlyCount "82"]
[EventDate "2003.??.??"]

1. e4 c5 2. d4 cxd4 3. Qxd4 Nc6 4. Qc4 e6
5. Nf3 a6 6. Ng5 d5 7. exd5 exd5 8. Qe2+ Qe7
9. Be3 Nf6 10. Nc3 d4 11. Na4 dxe3 12. O-O-O exf2
13. Qxf2 h6 14. Re1 Be6 15. Nb6 hxg5 16. Nxa8 Nd7
17. Be2 Nce5 18. Nc7+ Kd8 19. Na8 Rh6 20. Rd1 Rf6
21. Qb6+ Kc8 22. Qa7 Qc5 23. Qxc5+ Nxc5 24. Nb6+ Kc7
25. Na8+ Kc6 26. Rd8 Bd6 27. Rd1 Bd5 28. Rc8+ Bc7
29. Rxc7+ Kd6 30. c4 Nxc4 31. Bxc4 Rf5 32. g4 Re5
33. b4 Ne6 34. Rxb7 Nf4 35. Rb6+ Kd7 36. Bxa6 Ke7
37. Nc7 Ne2+ 38. Kb2 Be6 39. Bxe2 Rxe2+ 40. Kc3 Bxg4
41. Nd5+ Kf8 {White - Time} 0-1

[Event "Game 24 - Rated game, 15m + 3s"]
[Site "Main Playing Hall"]
[Date "2003.03.19"]
[Round "?"]
[White "Agamennone"]
[Black "kmreese"]
[Result "0-1"]
[WhiteElo "1621"]
[BlackElo "1584"]
[Annotator "White - Resign"]
[PlyCount "102"]
[EventDate "2003.??.??"]

1. e4 c5 2. g3 d5 3. Bg2 d4 4. Nf3 Nc6
5. b3 Nf6 6. d3 Qa5+ 7. Bd2 Nb4 8. c3 dxc3
9. Bxc3 Ng4 10. O-O f6 11. a3 Qc7 12. axb4 cxb4
13. Bxb4 Ne5 14. d4 Nc6 15. Bc3 Bg4 16. d5 O-O-O
17. Qe2 Nb8 18. h3 Bh5 19. g4 Bg6 20. Nh4 Nd7
21. b4 e5 22. Nxg6 hxg6 23. Rxa7 Nb6 24. Bd4 exd4
25. Nd2 Bxb4 26. Rfa1 Kb8 27. Nb3 Bd6 28. Na5 Bh2+
29. Kh1 Kc8 30. Rxb7 Qc3 31. Rxb6 Qxa1+ 32. Kxh2 Qxa5
33. Rc6+ Kd7 34. Qc4 Rc8 35. Rxc8 Rxc8 36. Qxd4 Rc1
37. h4 Qc7+ 38. e5 fxe5 39. Qe4 g5 40. Qf5+ Kd6
41. Qe6+ Kc5 42. Qc6+ Qxc6 43. dxc6 gxh4 44. Kh3 g5
45. Kh2 Kb4 46. Bh3 Rxc6 47. Kg2 e4 48. Kf1 Rf6
49. Bg2 e3 50. Ke2 Rxf2+ 51. Kxe3 Rxg2 { White - Resign} 0-1

[Event "Game 25 - Rated game, 15m + 3s"]
[Site "Main Playing Hall"]
[Date "2003.03.19"]
[Round "?"]
[White "kmreese"]
[Black "Agamennone"]
[Result "1-0"]
[WhiteElo "1604"]
[BlackElo "1602"]
[PlyCount "65"]

1. e4 c5 2. Bc4 e5 3. Nf3 d6 4. O-O Qf6
5. Nc3 Be6 6. d3 h6 7. Nb5 Qd8 8. Bxe6 fxe6
9. c4 Qd7 10. Qa4 Nc6 11. Nh4 a6 12. Ng6 Rh7
13. Nxf8 Kxf8 14. f4 Nf6 15. fxe5 dxe5 16. Be3 Nd4
17. Bxd4 exd4 18. e5 Ke7 19. exf6+ gxf6 20. Rae1 Rhh8
21. Rf4 axb5 22. Qd1 bxc4 23. dxc4 Rxa2 24. Rfe4 e5
25. Qb1 Rha8 26. Rxe5+ fxe5 27. Rxe5+ Kd6 28. Qe4 Ra1+
29. Kf2 Qf7+ 30. Rf5 Re8 31. Qf4+ Kc6 32. Rxf7 Re3
33. Qc7# 1-0

[Event "Game 26 - Rated game, 15m + 3s"]
[Site "Main Playing Hall"]
[Date "2003.03.19"]
[Round "?"]
[White "Agamennone"]
[Black "kmreese"]
[Result "0-1"]
[WhiteElo "1584"]
[BlackElo "1622"]
[PlyCount "60"]

1. e4 e5 2. Nf3 d6 3. Nc3 Nf6 4. Be2 Be7
5. O-O Nc6 6. d4 Bg4 7. d5 Nb4 8. a3 Nxe4
9. axb4 Nxc3 10. bxc3 O-O 11. Qd3 Re8 12. Qe4 f5
13. Qc4 e4 14. Nd4 c5 15. bxc5 dxc5 16. Ne6 Qb8
17. Bxg4 fxg4 18. Nc7 Bd6 19. Ne6 Bxh2+ 20. Kh1 g3
21. fxg3 Qxg3 22. Nc7 Qh4 23. d6+ Kh8 24. Nxa8 Bxd6+
25. Kg1 Qh2+ 26. Kf2 Rf8+ 27. Ke2 Qxg2+ 28. Kd1 Rxf1+
29. Qxf1 Qxf1+ 30. Kd2 Bf4# 0-1

[Event "Game 27 - Rated game, 15m + 3s"]
[Site "Main Playing Hall"]
[Date "2003.03.19"]
[Round "?"]
[White "kmreese"]
[Black "Agamennone"]
[Result "1-0"]
[WhiteElo "1638"]
[BlackElo "1568"]
[Annotator "Black - Resign"]
[PlyCount "119"]
[EventDate "2003.??.??"]

1. e4 c5 2. f4 Nc6 3. e5 e6 4. Nf3 g6
5. Bc4 Nd4 6. O-O Nxf3+ 7. Qxf3 Bg7 8. Re1 Qh4
9. g3 Qh5 10. g4 Qh4 11. Re2 Qe7 12. g5 f5
13. gxf6 Nxf6 14. exf6 Bxf6 15. f5 Bd4+ 16. Kf1 O-O
17. fxe6 Rxf3+ 18. Ke1 Qh4+ 19. Rf2 Qxf2+ 20. Kd1 Qf1+
21. Bxf1 Rxf1+ 22. Ke2 Rf2+ 23. Kd3 Rxh2 24. e7 Kf7
25. c3 Rh3+ 26. Ke2 Bf6 27. d4 cxd4 28. cxd4 Bxe7
29. Bf4 Bf6 30. Nc3 Bxd4 31. Nd5 a5 32. Rf1 b5
33. Be3+ Ke6 34. Nf4+ Ke5 35. Nxh3 Bb7 36. Bf4+ Ke4
37. Ng5+ Kd5 38. Kd3 Re8 39. Nxh7 b4 40. Nf6+ Kc6
41. Rc1+ Kb6 42. Bc7+ Ka7 43. Nxe8 Bxb2 44. Rb1 Ba3
45. Nd6 Bc6 46. Bxa5 g5 47. Nc4 Bb5 48. Bb6+ Ka6
49. Bc5 g4 50. Bxb4 Bxb4 51. Rxb4 g3 52. Ke3 g2
53. Kf2 Bc6 54. a4 d5 55. Ne5 Bxa4 56. Rxa4+ Kb5
57. Ra1 Kc5 58. Kxg2 d4 59. Rd1 Kd5 60. Nf3 {Black - Resign} 1-0

[Event "Game 28 - Friendly Game, 10m + 2s"]
[Site "Main Playing Hall"]
[Date "2003.03.20"]
[Round "?"]
[White "kmreese"]
[Black "Agamennone"]
[Result "0-1"]
[WhiteElo "1416"]
[BlackElo "1307"]
[Annotator "White - Resign"]
[PlyCount "82"]
[EventDate "2003.??.??"]

1. e4 c5 2. f4 d6 3. f5 e6 4. fxe6 Bxe6
5. Nf3 Nf6 6. e5 dxe5 7. Nxe5 Bd6 8. d4 O-O
9. dxc5 Bxe5 10. Bd3 Bg4 11. Qd2 Re8 12. O-O Bd4+
13. Kh1 Qd5 14. c4 Qxc5 15. Na3 Nc6 16. Nb5 Rad8
17. Nc7 Re7 18. Nd5 Nxd5 19. cxd5 Be3 20. Qe1 Bxc1
21. Qh4 h5 22. Raxc1 Qxd5 23. Bc4 Qd2 24. Bb5 Re6
25. h3 Be2 26. Bxe2 Rxe2 27. Rcd1 Qa5 28. b4 Qc7
29. Rc1 a6 30. a4 Qd6 31. Rfd1 Rd2 32. Qxh5 Rxd1+
33. Rxd1 Qxd1+ 34. Qxd1 Rxd1+ 35. Kh2 Nxb4 36. g4 g5
37. Kg3 Rd3+ 38. Kf2 Kg7 39. Ke2 Kg6 40. a5 Rxh3
41. Kf2 Ra3 {White - Resign} 0-1

[Event "Game 29 - Friendly Game, 10m + 2s"]
[Site "Main Playing Hall"]
[Date "2003.03.20"]
[Round "?"]
[White "kmreese"]
[Black "Agamennone"]
[Result "0-1"]
[WhiteElo "1416"]
[BlackElo "1307"]
[PlyCount "60"]

1. e4 c5 2. Nc3 e5 3. Nd5 d6 4. Bc4 Nf6
5. Nxf6+ Qxf6 6. Nf3 Nc6 7. d3 a6 8. Ng5 Be6
9. Bxe6 fxe6 10. Qg4 Nd8 11. O-O Be7 12. h4 h6
13. Nf3 O-O 14. h5 Nc6 15. c3 Kh8 16. Be3 Rg8
17. d4 cxd4 18. cxd4 exd4 19. Bf4 e5 20. Bg3 Qf7
21. Nh4 Bg5 22. f4 exf4 23. Bxf4 Bxh4 24. Bxh6 Qe7
25. Rf3 gxh6 26. Qf4 Ne5 27. Qxh6+ Qh7 28. Qxd6 Nxf3+
29. Kh1 Qxh5 30. Rf1 Bg3# 0-1